OECD science, technology and industry outlook 2014
Na minha lista:
| Formato: | Livro |
|---|---|
| Idioma: | inglês |
| Publicado em: |
Paris
OECD
2014
|
| Assuntos: | |
| Tags: |
Sem tags, seja o primeiro a adicionar uma tag!
|
MARC
| LEADER | 00000nam a2200000 4500 | ||
|---|---|---|---|
| 001 | 0197641 | ||
| 005 | 20240315121050.3 | ||
| 020 | |a 978-92-64-20430-0 | ||
| 022 | |a 2074-7187 | ||
| 041 | 0 | |a eng | |
| 044 | |a FR | ||
| 245 | 1 | 0 | |a OECD science, technology and industry outlook 2014 |
| 264 | 1 | |a Paris |b OECD |c 2014 | |
| 300 | |a 476 s. | ||
| 610 | 2 | 0 | |a veda |
| 610 | 2 | 0 | |a technológia |
| 610 | 2 | 0 | |a priemysel |
| 610 | 2 | 0 | |a inovácia |
| 610 | 2 | 0 | |a prognózy |
| 610 | 2 | 0 | |a plánovanie strategické |
| 610 | 2 | 0 | |a partnerstvo verejno-súkromné |
| 610 | 2 | 0 | |a podnikanie |
| 610 | 2 | 0 | |a financovanie |
| 610 | 2 | 0 | |a výskum |
| 610 | 2 | 0 | |a vzdelávanie |
| 610 | 2 | 0 | |a výdavky |
| 610 | 2 | 0 | |a pokrok vedeckotechnický |
| 610 | 2 | 0 | |a porovnanie medzinárodné |